Đang tải...

Neurology and literature 1860-1920

Chi tiết về thư mục
Tác giả khác: Anne Stiles (Biên tập viên)
Định dạng: Printed Book
Ngôn ngữ:English
Được phát hành: Newyork: Palgrave Macmillan, 2007.
LEADER 00549nam a22001217a 4500
008 150505b xxu||||| |||| 00| 0 eng d
245 |a Neurology and literature 1860-1920  |c /ed by Anne Stiles 
260 |a Newyork:  |b Palgrave Macmillan,  |c 2007. 
300 |b 229p. 
700 |a Anne Stiles  |e editor 
942 |c BK 
999 |c 233097  |d 233097 
952 |0 0  |1 0  |4 0  |6 E_820_900000000000000_NEU  |7 0  |9 258335  |a MAL  |b MAL  |c ST1  |d 2015-05-05  |e The Bookshop,Publication Division,University of Calicut.Bill No:4082 Date:29/11/2014  |g 7106.00  |l 0  |o E 820.9 NEU  |p MAL35639  |r 2015-05-05  |w 2018-08-20  |y BK